000 01037cad a22002295a 4500
001 E152307
008 110221s2010 xxk f s 000 0 eng d
020 _a9781842195963
035 _a(Sirsi) u152307
041 0 _aeng
100 1 _aCowap, Charles
111 2 _aRICS Roots Rural Research Conference
_cPlumpton College
_d13-14 April, 2010
245 0 0 _aPlanning Act 2008
_bnationally significant infrastructure projects, the Infrastructure Planning Commission, the implications for the rural practice surveyor, landowner, occupier and other professional advisors
_h[electronic resource]
260 _aLondon
_bRICS
_c2010
520 _aA paper presented at the RICS Roots Rural Research Conference held at Plumpton College on 13-14 April, 2010.
521 _aAdvanced
590 _aKA
651 4 _aUnited Kingdom
_y
690 _aPROPERTY-INFRASTRUCTURE
856 4 0 _uhttps://www.rics.org/profession-standards/knowledge-and-information-services/document-delivery-and-o
_zemail [email protected] to request a copy
942 _n0
999 _c111982
_d111982